| Tag |
First Indicator |
Second Indicator |
Subfields |
| LEADER |
00000cam a2200000 a 4500 |
| 001 |
in00000071568 |
| 005 |
20151008062303.0 |
| 008 |
810527s1980 sw a b 00100 eng d |
| 020 |
|
|
|a 9154602882
|
| 035 |
|
|
|a (OCoLC)07448933
|
| 035 |
|
|
|9 AAJ9907AM
|
| 040 |
|
|
|a IUL
|c IUL
|d TXA
|d UtOrBLW
|
| 043 |
|
|
|a e-sw---
|
| 049 |
|
|
|a TXAM
|c [387323]
|
| 052 |
|
|
|a 6950
|
| 090 |
|
|
|a SD397.P614
|b S8
|
| 245 |
0 |
0 |
|a Structure and function of northern coniferous forests :
|b an ecosystem study /
|c T. Persson, editor.
|
| 264 |
|
1 |
|a [Stockholm] :
|b Swedish Natural Science Research Council,
|c [1980]
|
| 264 |
|
4 |
|c ©1980
|
| 300 |
|
|
|a 609 pages :
|b illustrations ;
|c 25 cm.
|
| 336 |
|
|
|a text
|b txt
|2 rdacontent
|
| 337 |
|
|
|a unmediated
|b n
|2 rdamedia
|
| 338 |
|
|
|a volume
|b nc
|2 rdacarrier
|
| 490 |
1 |
|
|a Ecological bulletins,
|x 0346-6868 ;
|v no.32
|
| 500 |
|
|
|a "Financial support for publication was given by the Swedish Natural Science Research Council"--Pref.
|
| 504 |
|
|
|a Includes bibliographies and index.
|
| 650 |
|
0 |
|a Scots pine.
|
| 650 |
|
0 |
|a Conifers
|z Sweden.
|
| 700 |
1 |
|
|a Persson, T.
|
| 710 |
2 |
|
|a Statens naturvetenskapliga forskningsråd (Sweden)
|
| 830 |
|
0 |
|a Ecological bulletins ;
|v no. 32.
|
| 999 |
|
|
|a MARS
|
| 999 |
f |
f |
|s 02c7b3d2-7639-3c8a-ba77-ad3ba9679bbd
|i 09611a01-0934-3402-8082-136e3abe1aaf
|t 0
|
| 952 |
f |
f |
|p ric
|a Texas A&M University
|b Rellis Campus
|c Joint Library Facility
|d Remote Storage
|t 0
|e SD397.P614 S8
|h Library of Congress classification
|i unmediated -- volume
|m A14806237547
|
| 998 |
f |
f |
|a SD397.P614 S8
|t 0
|l Remote Storage
|